Prayer (Record no. 2878)

MARC details
000 -LEADER
fixed length control field 00604nam a2200241 a 4500
020 ## - INTERNATIONAL STANDARD BOOK NUMBER
ISBN
082 00 - DEWEY DECIMAL CLASSIFICATION NUMBER
Classification number 264.1
Author Cutter RIN
100 ## - MAIN ENTRY--AUTHOR NAME
Author name Rinkker, Rosalind
245 ## - TITLE STATEMENT
Title Prayer
Sub title Conversing With God
260 ## - PUBLICATION, DISTRIBUTION, ETC. (IMPRINT)
Place of publication Michigan
Name of publisher Zondervan Publishing House
Year of publication 1959
300 ## - PHYSICAL DESCRIPTION
Number of Pages 115p
500 ## - GENERAL NOTE
General note includes index and biblioraphy
505 2# - FORMATTED CONTENTS NOTE
Formatted contents note Social Concerns Series No.11
650 ## - SUBJECT ADDED ENTRY--TOPICAL TERM
Topical Term Prayer
942 ## - ADDED ENTRY ELEMENTS (KOHA)
Koha item type Books
700 1# -
-- Rinkker, Rosalind
Holdings
Collection code Home library Current library Date acquired Cost, normal purchase price Full call number Accession Number Koha item type
  Henry Martyn Institute Library Henry Martyn Institute Library 07/11/2007 6.50 264.1 RIN 03455 Books
                   Copyright © 2026 | Henry Martyn Institute | Hyderabad | TS-500052 | INDIA | Implemented by hmi.edu.in
Hit-Count:

Powered by Koha